000 00652cab a2200217 4500
001 WB3425-20
008 090401t1998 xxu||||| |||| 00| 0 eng d
035 _a(Sirsi) u87207
041 _aeng
245 _aNorthern aid cuts feared
260 _c1998
350 _a0
490 _aFinancial Times
_v3 July 1998, 10(1)
520 _aNorthern MPs are worried about potential cuts in regional funding. They feel any cuts would seriously undermine regeneration efforts in the North.
650 _aNORTHERN ENGLAND
650 _aREGENERATION
650 _aREGIONAL FUNDING
690 _aECONOMIC AND SOCIAL
942 _n0
948 _c03/07/1998
999 _c54989
_d54989